Blackpool all-time top scorers - Statistics

General Stats
  • This quiz has been taken 9 times
  • The average score is 4 of 10
Answer Stats
Goals Nationality Player % Correct
43 Ivory Coast / France Armand Gnanduillet
67%
49 England Brett Ormerod
67%
46 England Jerry Yates
67%
98 England Stan Mortensen
67%
56 England Scott Taylor
50%
43 Scotland Allan Brown
17%
48 England Bill Perry
17%
69 Scotland Jackie Mudie
17%
72 England John Murphy
17%
137 England Ray Charnley
17%
No matching quizzes found
Score Distribution
Percent of People with Each Score
Percentile by Number Answered
Your Score History
You have not taken this quiz